000 00863cab a2200241 4500
001 WB3104-24
008 090401t1995 xxu||||| |||| 00| 0 eng d
035 _a(Sirsi) u75114
041 _aeng
245 _aProperty profession still cautious
260 _c1995
350 _a0
490 _aEstates News
_v1(41) January/February 1995, 5(1)
520 _aDTZ`s first "Property barometer" of the Hungarian commercial property market has defined the approach of professionals operating in it as `cautious`, partly as a result of over-optimism at the initial deregulation and the lack of sufficient time to assess patterns of market behaviour.
650 _aBUDAPEST
650 _aHUNGARY
650 _aINVESTMENT
650 _aPRIME SPACE
690 _aPROPERTY-COMMERCIAL PROPERTY
690 _aOVERSEAS-EUROPE
942 _n0
948 _c04/03/1997
999 _c47323
_d47323